MDQL
is popping MORE tags! Check the
thread
!
Quizzes
Events
Quiz Creation
Community
Videos
Private Events
Remove Ads
Sign In
Join for FREE
Feedback
Dark Mode
Quiz Categories
Sports
Geography
Music
Movies
Television
Just For Fun
Miscellaneous
History
Literature
Language
Science
Gaming
Entertainment
Religion
Holiday
For Kids
Quiz Lab
Recent
Popular Today
Quiz Kudos Today
Editor Picks
Curator Picks
Quizzes by...
Day
Popularity
Type
Ratings
Length
Year
Community
Subscriptions
Recent Discussions
Orange Saloon
Badges
Playlists
Quests
Create
Leaderboards
Showdown
Live 5
Trivia Bingo
Activity
Puzzle Library
Sporcle Events
Private Events
Virtual Trivia
Globe League
Become a Host
Pub Owners
SporcleCon
Opinionation
Our Games
Videos
Blog
Mobile Apps
Partnerships
Remove Ads and Go Orange
Feedback
Movies
Disney
Marvel Cinematic Universe
Movie Resume
Movie Titles
Oscar
Actor
Actress
Director
Pixar
Role
Movie Quotes
Movie Characters
Box Office
Nominee
Best Picture
Star Wars
James Bond
Horror Movies
Movies
Disney
Marvel Cinematic Universe
Movie Resume
Movie Titles
Oscar
Actor
Actress
Director
Pixar
Role
Movie Quotes
Movie Characters
Box Office
Nominee
Best Picture
Star Wars
James Bond
Horror Movies
Random Quiz
Search Sporcle
×
Quiz Lab
Quiz Lab
Movies
Role
Type in answers that appear in a list
Type in answers that appear in a list
Classic
Best Score? Go Orange.
Anthony LaPaglia Movies Stats
Can you name the Anthony LaPaglia Movies?
By
MRoren
15m
47 Questions
3 Plays
3 Plays
3 Plays
Comments
Comments
Give Quiz Kudos
Give Quiz Kudos
-
- Ratings
hide this ad
Replay
Link that replays current quiz
Next Quiz
Link to next quiz in quiz playlist
You Got
0%
They Got
Avg Score
23%
Avg Friend Score
Upgrade to see
Score Distribution
Jump to the score distribution portion of the page
Score
0/47
Timer
15:00
0
Plays Today
Year
Movie
% Correct
1995
Empire Records
100%
1993
So I Married an Axe Murderer
66.7%
1989
Slaves of New York
33.3%
1990
Betsy's Wedding
33.3%
1991
He Said, She Said
33.3%
1991
29th Street
33.3%
1992
Whispers in the Dark
33.3%
1992
Innocent Blood
33.3%
1993
The Custodian
33.3%
1994
Paperback Romance
33.3%
1994
Killer
33.3%
1994
Mixed Nuts
33.3%
1996
Trees Lounge
33.3%
1996
Brilliant Lies
33.3%
1999
Summer Of Sam
33.3%
1999
Sweet and Lowdown
33.3%
2000
Looking for Alibrandi
33.3%
2000
The House of Mirth
33.3%
2001
Jack the Dog
33.3%
2001
Lantana
33.3%
2002
The Salton Sea
33.3%
2002
Dead Heat
33.3%
2002
I'm with Lucy
33.3%
2003
Spinning Boris
33.3%
Year
Movie
% Correct
2004
Winter Solstice
33.3%
2006
The Architect
33.3%
2006
Happy Feet
33.3%
2008
$9.99
33.3%
2009
Balibo
33.3%
2011
Happy Feet Two
33.3%
1987
Cold Steel
0%
1989
Mortal Sins
0%
1991
One God Cop
0%
1996
Chameleon
0%
1997
Commandments
0%
1998
Mob Law: A Film Portrait of Oscar Goodman
0%
1998
Phoenix
0%
2000
Company Man
0%
2000
Autumn in New York
0%
2001
The Bank
0%
2002
The Guys
0%
2002
Analyze That
0%
2003
Manhood
0%
2003
Happy Hour
0%
2006
Played
0%
2010
Overnight
0%
2010
Legend of the Guardians: The Owls of Ga'Hoole
0%
Quiz Playlist
Details
Report
Send in Message
Add To Playlist
Classic:
Type in answers that appear in a list
Quiz Source
Last Updated: Feb 16, 2017
Quiz Scoreboard
CHALLENGE
Sign Up to Join the Scoreboard
Show All
Scores
Hide
Comments
May contain spoilers
Recently Published
Holiday 10x10 Sorting Gallery
by lukepisani3
Holiday
15m
Two Season TV Shows II
by 123Four
Television
10m
Image Sorting: Flags VI
by Barbecue
Geography
2m
More to Explore
Quiz From the Vault
Featured Blog Post
14 Easter Pick-up Lines to Find Eggs With
hide this ad
You Might Also Like...
Tags
Movie Titles Quiz
Role Quiz
Anthony
Today's Top Quizzes in Movies
Browse Movies
hide this ad
Today's Top Quizzes in Role
Browse Role
Top Contributed Quizzes in Movies
1
The ultimate James Bond movie quiz
2
Find The 'Big' Movie
3
Find The 'Wild' Movie
4
Find The 'Blue' Movie
5
Movies By Plot
6
Hidden Star Wars Character II
7
Hidden Star Wars Character III
8
25 Best Actor Nominees (1990s)
9
Hidden Star Wars Character IV
10
Pick 5 Posters: Directed by Spielberg
Explore More
Trending Topics
Disney
Anime
Harry Potter
Marvel
Kpop
NBA
Crossword
The Office
Pokémon
Soccer
WWE
Song
Country
NFL
Puzzle
hide this ad
More By:
MRoren
Quiz
Plays
Rating
Category
Featured
Created
Avengers Members
1,160
3.20
Literature
Sep 26, 2010
Ultimate X-Men Members
827
3.00
Literature
Sep 20, 2010
X-Men Age Of Apocalypse teams
803
3.50
Literature
Sep 20, 2010
Christina Aguilera Songs
585
3.67
Music
Aug 21, 2011
Blur Songs
584
3.00
Music
Feb 1, 2012
Go to Creator's Profile
Score Distribution
Quiz Creator Spotlight
MRoren
Follow
Send a Message
Quizzes Created
-
Created Quiz Play Count
-
More By This Creator
Popular Quizzes Today
1
Find the US States - No Outlines Minefield
2
Colored Red Africa Blitz
3
Find the 'City' Movie
4
The Countries of the World
5
5x2 Blitz: Bands
6
Find the Countries of Europe - No Outlines Minefield
7
Find the US States
8
US States
More Movies Quizzes
1986 Movies by Object in Movie Poster
Quiz Lab
Trending Quizzes
Colored Red Europe Blitz I
Colored Red Europe Blitz II
Colored Red Africa Blitz II
Even More Two Season TV Shows
Colored Red Africa Blitz III
Recently Updated
Odd Team Out - Big 4 Players
pecheneg
Quick Pick: 20 Twenties
pecheneg
March Madness Men's Triple Doubles
pecheneg
How Do You Spell That?
pecheneg
Godzilla Movies
pecheneg
Grab Bag: 4-10 Letters
pecheneg
2024 March Madness Bracket
pecheneg
Famous TV Couples
Peacemaker
Champions League XIs: Real Madrid
pecheneg
Largest US Cities 1790-2010
pecheneg
Trending Topics
NBA
Disney
Crossword
Kpop
Anime
Marvel
Harry Potter
Pokémon
NFL
WWE
Song
The Office
Soccer
Country
Puzzle
Your Account Isn't Verified!
In order to create a playlist on Sporcle, you need to verify the email address you used during registration. Go to your
Sporcle Settings
to finish the process.
Report this User
Report this user for behavior that violates our
Community Guidelines
.
Details:
Send Report
Go to the Sporcle.com Mobile Site →
Comments